=LDR 00000nam 2200000 4500 =001 INLIS000000000052038 =005 20200916082047 =035 ##$$a 0010-0118000226 =007 ta =008 200916################g##########0#ind## =020 ##$$a 978-979-99966-1-9 =082 ##$$a 304.62 =084 ##$$a 304.62 DIN =245 ##$$a Dinamika kependudukan dan penguatan governance /$c Editor, Muhadjir Darwin, Pande Made Kutanegara =260 ##$$a Yogyakarta :$b Media wacana,$c 2010 =300 ##$$a xii,447 hlm. ; $c 21 cm. =700 #$$a Darwin, Muhadjir =700 #$$a Kutanegara, Pande Made =650 #4$$a Penduduk =990 ##$$a 31100216